MARC details
| 000 -CABECERA |
| campo de control de longitud fija |
02074nam a2200301 a 4500 |
| 001 - NÚMERO DE CONTROL |
| campo de control |
000000416 |
| 003 - IDENTIFICADOR DEL NÚMERO DE CONTROL |
| campo de control |
DO-SdBNP |
| 005 - FECHA Y HORA DE LA ÚLTIMA TRANSACCIÓN |
| campo de control |
20210819102745.0 |
| 008 - DATOS DE LONGITUD FIJA--INFORMACIÓN GENERAL |
| campo de control de longitud fija |
081218s2005 dr ac 000 0 spa d |
| 020 ## - NÚMERO INTERNACIONAL ESTÁNDAR DEL LIBRO |
| Número Internacional Estándar del Libro |
9993481521 |
| 020 ## - NÚMERO INTERNACIONAL ESTÁNDAR DEL LIBRO |
| Número Internacional Estándar del Libro |
9789993481522 |
| 040 ## - FUENTE DE LA CATALOGACIÓN |
| Centro catalogador/agencia de origen |
DO-SdBNP |
| Lengua de catalogación |
spa |
| Centro/agencia transcriptor |
BNPHU |
| 082 ## - NÚMERO DE LA CLASIFICACIÓN DECIMAL DEWEY |
| Número de clasificación |
305.438 |
| Número de documento/Ítem |
C748m |
| 111 2# - ENTRADA PRINCIPAL--NOMBRE DE CONGRESO/REUNIÓN |
| Nombre de congreso/reunión o jurisdicción como elemento de entrada |
Conferencia de la Asociación Internacional de Literatura Femenina Hispánica |
| Número del congreso/reunión o número de parte o sección |
(13a : |
| Fecha del congreso/reunión |
2002 : |
| Sede del congreso/Lugar de la reunión |
Santo Domingo) |
| 9 (RLIN) |
1387 |
| 245 10 - MENCIÓN DE TÍTULO |
| Título |
Mujeres y cambio desde la letra / |
| Mención de responsabilidad, etc. |
editoras Asunción Horno-Delgado, Janet N. Gold. |
| 260 ## - PUBLICACIÓN, DISTRIBUCIÓN, ETC. |
| Lugar de publicación, distribución, etc. |
Santo Domingo : |
| Nombre del editor, distribuidor, etc. |
Secretaría de Estado de la Mujer, |
| Fecha de publicación, distribución, etc. |
2005. |
| 300 ## - DESCRIPCIÓN FÍSICA |
| Extensión |
434 p. : |
| Otras características físicas |
il., retrs. ; |
| Dimensiones |
23 cm. |
| 500 ## - NOTA GENERAL |
| Nota general |
XIII Conferencia de la Asociación Internacional de Literatua Femenina Hispánica Santo Domingo, República Dominicana, 24 al 27 de octubre, 2002 a cargo de Asunción Horno-Delgado, Presidenta de ALEPH. |
| 505 2# - NOTA DE CONTENIDO CON FORMATO |
| Nota de contenido con formato |
Creando un ambiente -- Prólogo. Configurando un texto -- Mujeres prehispánicas y coloniales. Gladys Ilarregui -- Verónica Grossi -- Virginia Hernández Henríquez -- Raquel Gutiérrez Estupiñan -- De ayer a hoy mujeres cambiando en el Caribe. Catharina Vallejo -- Madeline Cámara -- Madelyn Alvarino -- Ester Gimbernat Gonzalez -- Hacia El Sur. Wendy Méndez -- Bernardita Llanos Mardones -- Elvira Sánchez-Blake -- Shelley Godsland -- Por el norte. Stacey Schlau -- Eliana Rivero -- Cherie Meacham -- Nidia Pullés-Linares -- En España. Mariola Pérez de la Cruz -- Esther Raventós Pons -- María Sergia (Guiral) Steen -- Iride Lamartina-Lens -- Lilit Zelukin Thwaites -- Melissa A. Stewart -- Carolyn J. Harris -- Carolyn Morrow. |
| 590 ## - NOTA LOCAL (RLIN) |
| Nota local |
Inventariado, 2018/BT |
| 650 14 - PUNTO DE ACCESO ADICIONAL DE MATERIA--TÉRMINO DE MATERIA |
| Término de materia o nombre geográfico como elemento de entrada |
Mujeres en la literatura |
| Localización del acontecimiento |
Congresoso, conferencias, etc. |
| 9 (RLIN) |
1388 |
| 650 14 - PUNTO DE ACCESO ADICIONAL DE MATERIA--TÉRMINO DE MATERIA |
| Término de materia o nombre geográfico como elemento de entrada |
Mujeres como autoras |
| Subdivisión general |
Congresos, conferencias, etc. |
| 9 (RLIN) |
1389 |
| 650 14 - PUNTO DE ACCESO ADICIONAL DE MATERIA--TÉRMINO DE MATERIA |
| Término de materia o nombre geográfico como elemento de entrada |
Literatura hispanoamericana |
| Subdivisión general |
Congresos, conferencias, etc. |
| 9 (RLIN) |
1390 |
| 700 1# - PUNTO DE ACCESO ADICIONAL--NOMBRE DE PERSONA |
| Nombre de persona |
Horno-Delgado, Asunción, |
| Término indicativo de función/relación |
ed. |
| 9 (RLIN) |
1391 |
| 700 1# - PUNTO DE ACCESO ADICIONAL--NOMBRE DE PERSONA |
| Nombre de persona |
Gold, Janet N., |
| Término indicativo de función/relación |
ed. |
| 9 (RLIN) |
1392 |
| 910 ## - DATOS DE OPCIÓN DEL USUARIO (OCLC) |
| Datos de opción del usuario |
Validado. Control de calidad MFF |
| 942 ## - ELEMENTOS DE PUNTO DE ACCESO ADICIONAL (KOHA) |
| Fuente del sistema de clasificación o colocación |
Dewey Decimal Classification |
| Tipo de ítem Koha |
Libro |